[Event "GibChess Battle of the Sexes 2022"]
[Site "Caleta"]
[Date "2022.01.27"]
[Round "4.3"]
[White "Brunello, Sabino"]
[Black "Batsiashvili, Nino"]
[Result "1-0"]
[WhiteElo "2492"]
[BlackElo "2491"]
[Annotator "TA"]
[PlyCount "121"]
[EventDate "2022.01.01"]
[EventType "schev"]
[EventCountry "GGB"]
[SourceTitle "playchess.com"]
[Source "ChessBase"]
[SourceQuality "1"]

{[%evp 9,121,0,4,-14,-25,-33,-25,-53,-29,-81,-28,-34,-27,-30,9,0,22,18,0,0,25,39,92,92,83,95,81,76,134,43,38,0,28,0,0,0,0,0,49,36,64,28,22,10,47,0,0,0,0,0,0,0,0,0,0,0,0,7,70,0,0,0,0,0,0,0,0,0,22,34,39,26,37,-14,0,-56,0,0,0,0,37,-8,0,1,8,0,0,0,0,0,127,107,244,296,285,285,1556,1608,29977,29978,29978,29979,29979,29980,29980,29981,29981,29982,29982,29983,29983,29984,29984,29985]} 1. d4 d5 2. c4 e6 {[%cal Be7e6,Be6e5,Be5e4][%mdl 32]} 3. Nc3 a6 4. c5 e5 5. e3 Nc6 6. Nf3 {D31: Queen's Gambit Declined: Semi-Slav without ...Nf6 (+ Marshall Gambit and Noteboom) and Exchange Variation lines without ...Nf6.} e4 {[#]} 7. Ng1 $146 ({Predecessor:} 7. Nd2 h5 8. b4 h4 9. h3 Nh6 10. Rb1 Ne7 11. a4 g5 12. b5 axb5 13. axb5 {½-½ (53) Korobov,A (2690)-Warmerdam,M (2595) Chess.com INT 2021}) 7... Nf6 8. Bd2 {Black has an edge.} h5 9. h4 (9. f3 $11 {remains equal.}) 9... Bg4 (9... g6 $17) 10. f3 exf3 11. gxf3 Bf5 12. Qa4 Be7 13. Nge2 (13. Bh3 $5 {[%cal Rh3f5]} Qd7 14. Nce2 $11 (14. Bxf5 Qxf5 15. Nce2 O-O-O $11)) 13... O-O 14. Nf4 b5 15. cxb6 Nb4 (15... Qd7 $14) 16. bxc7 $16 (16. b7 $6 Rb8 $11) 16... Qxc7 17. Rc1 {[%cal Oc3d5] Prevents Nc2+.} Bd7 18. Qd1 {[%cal Oc3d5] [#] Black must now prevent Ncxd5!} Qd8 (18... Qd6 $142) 19. Kf2 (19. a3 $16 Nc6 20. Bd3 (20. Ncxd5 $2 Nxd5 21. Ng2 Bd6 $19)) 19... Bd6 $14 20. Nce2 Rb8 21. Bxb4 Rxb4 22. b3 Re8 23. Bh3 Qe7 (23... Ng4+ $11 24. Bxg4 (24. fxg4 Qxh4+ 25. Kg1 Bxf4 $11) 24... hxg4) 24. Rc3 (24. Qd2 $5 {[%cal Rh3d7]}) 24... Bb5 25. Qg1 (25. Ng3 $5 {[%cal Rg3f5]} Bxf4 26. exf4 $14) 25... Bxe2 26. Nxe2 Nh7 {Inhibits Qg5.} 27. Bf5 (27. Ng3 $1 $14 {might be stronger.}) 27... g6 $11 28. Bxg6 fxg6 29. Qxg6+ Kh8 30. Qxh5 Rb6 $1 31. Rg1 {Hoping for Rg6.} (31. Qxd5 Nf6 32. Qg5 Qf8 $15) 31... Rc6 {aiming for ...Rxc3.} 32. Rgc1 (32. Rxc6 Qxe3+ 33. Kg2 Qxe2+ 34. Kh3 Qh2+ 35. Kg4 Qxg1+ 36. Kf5 Qb1+) 32... Rxc3 33. Rxc3 Rg8 (33... Qe6 $11) 34. Qh6 (34. Rc1 $1 $14) 34... Qd7 $1 35. Nf4 {The board is on fire.} Bxf4 36. Qxf4 Qg7 37. Qe5 Nf6 {( -> ...Qg1+)} 38. Qg5 {Inhibits Qg1+. Strongly threatening Rc6.} Qe7 39. Qh6+ Nh7 40. Rc5 Qf7 41. Qxa6 (41. Rc6 $14) 41... Rf8 42. Qe2 ({Better is} 42. f4 $11) 42... Qh5 (42... Qg6 $1 $15 43. Rc1 Nf6) 43. Ke1 Qxh4+ 44. Kd2 Qh5 (44... Ng5 45. Rxd5 Nxf3+ 46. Kc3 $16) 45. e4 (45. Kc3 $14 {is superior.}) 45... Ng5 46. exd5 {d6 is the strong threat.} ({Of course not} 46. Rxd5 Rxf3 47. Rd8+ Kg7 48. Rd7+ Kh8 49. Rd8+ Kh7 50. Rd7+ Kh8 51. Rd8+ $15) 46... Re8 47. Qg2 {And now d6 would win.} Qh4 48. Kc3 Qe1+ $1 (48... Re3+ $2 49. Kc4 Rxf3 50. d6 $18 (50. Rc8+ Kh7 $16)) 49. Kc4 Qc1+ (49... Nf7 $1 $11 50. Qh3+ Kg8 51. Qg4+ Kf8) 50. Kb5 $16 Rb8+ {A mistake that costs the game.} (50... Qe3 $16 {keeps fighting.}) 51. Kc6 $1 $18 Qf4 {[#]} 52. d6 $1 Rg8 (52... Nh7 53. Qe2 Qf7 54. Qe5+ Kg8) 53. Qg4 Qf8 54. Rxg5 {KQR-KQR. White mates.} Qa8+ 55. Kb5 {[%cal Rg4h4]} Rb8+ 56. Kc4 {[%cal Rg5h5]} Qa6+ 57. Kc3 {[%cal Rg4h5]} Rc8+ 58. Rc5 Qa5+ 59. Kd3 Qa6+ 60. Ke3 {[%cal Rc5h5]} Re8+ 61. Re5 {Weighted Error Value: White=0.16 (very precise) /Black=0.31} 1-0

[Event "GibChess Battle of the Sexes 2022"]
[Site "Caleta"]
[Date "2022.01.27"]
[Round "4.4"]
[White "Gallagher, Joseph G."]
[Black "Cramling, Pia"]
[Result "1/2-1/2"]
[WhiteElo "2447"]
[BlackElo "2452"]
[Annotator "TA"]
[PlyCount "116"]
[EventDate "2022.01.01"]
[EventType "schev"]
[EventCountry "GGB"]
[SourceTitle "playchess.com"]
[Source "ChessBase"]
[SourceQuality "1"]

{[%evp 18,116,43,52,54,45,48,22,23,21,37,0,0,-22,-26,-30,-37,-32,-34,-14,-7,-14,0,-11,0,-4,-6,-59,-26,-53,-58,-58,-57,-70,-61,-64,-73,-63,-49,-102,-41,-49,-46,-73,-81,-131,-62,-67,-81,-65,-36,-36,-52,-38,-37,-51,-27,-43,0,0,-5,-102,-91,-109,-100,-102,-100,-63,-49,-64,-37,-49,-14,-40,-45,-270,-264,-314,-307,-288,-8,-8,-8,-8,-8,-41,-8,-8,-8,-8,-1,-8,-3,-3,0,-1,0,0,0,-5,0]} 1. e4 c5 2. Nf3 Nc6 3. d4 cxd4 4. Nxd4 e6 5. Nc3 a6 6. Be2 d6 7. Be3 Nf6 8. Qd2 Be7 9. f4 O-O {9...Bd7 is becoming the main line.} 10. O-O-O Nxd4 {B84: Sicilian Scheveningen: 6 Be2 a6, lines without early Be3.} 11. Qxd4 Nd7 12. h4 b5 {[%cal Bb7b5,Bb5b4][%mdl 32]} 13. h5 h6 {[#]} 14. Kb1 $146 (14. g4 $5 {[%cal Rg4g5]}) ({Predecessor:} 14. g4 Rb8 15. g5 b4 16. Na4 e5 17. Qd2 Qa5 18. b3 exf4 19. Bxf4 Bxg5 20. Qxd6 Bxf4+ 21. Qxf4 {1-0 (59) Adams,M (2742)-Laznicka,V (2676) Baku 2015}) 14... Rb8 15. Bf3 b4 16. Ne2 e5 17. Qd2 a5 18. Ng3 exf4 19. Bxf4 Ne5 {With the idea ...Nc4.} 20. Nf5 Bxf5 21. exf5 Qc8 {...Nc4 is the strong threat.} 22. Bd5 (22. Bxe5 $11 dxe5 23. Qd7) 22... Qxf5 $15 23. Rdf1 {[%cal Of4h6] Strongly threatening Bxh6!} Bg5 24. Bxg5 Qxg5 25. Qxg5 hxg5 26. Rf5 $1 g4 27. Rd1 Rb6 28. Rd4 ({White should try} 28. Be4 $15) 28... Re8 (28... Kh7 $17) 29. Kc1 {[%cal Od4c4]} Re7 30. Bc4 Rc7 31. Bd5 (31. Be2 $142) 31... Kf8 (31... Kh7 $1 $17 32. b3 Kh6) 32. Kd1 Rc5 33. Bb3 Ra6 34. a3 bxa3 35. bxa3 Rc3 {[%cal Oa5a4]} 36. a4 Rg3 37. Rd2 Re3 38. Rdf2 {[%cal Rb3f7]} Ra7 39. Kd2 (39. Rd2 $11) 39... Re4 $17 40. R2f4 Rxf4 41. Rxf4 {[%mdl 4096] Endgame KRB-KRN} Ke7 $1 {Prevents Be6.} 42. Rd4 Rc7 43. Ke3 $1 Rc6 44. Kf4 Rb6 45. Rd5 Rb4+ 46. Kg3 $2 {[#]} (46. Ke3 $1 $15) 46... f5 $1 $19 {[%cal Bf7f5,Bf5f4][%mdl 32]} 47. Rxa5 f4+ 48. Kh4 {[#]} Re4 $2 (48... g3 $1 $19 {Threatens to win with ...f3+.} 49. Bd5 f3+ 50. Kxg3 Rg4+ 51. Kf2 Rxg2+ 52. Ke3 Rxc2) 49. Ra7+ $11 Kf6 {White must now prevent ...Re1.} 50. Ra8 $1 f3 51. Kg3 Re2 (51... Kg5 $5 {[%cal Re4f4]} 52. Rf8 Re2 53. gxf3 gxf3 $15) 52. gxf3 {The position is equal.} gxf3 53. Rf8+ Ke7 54. Rf5 Rg2+ 55. Kh3 Rg1 56. Kh2 Rg2+ 57. Kh3 Rg1 58. Kh2 Rg2+ {Weighted Error Value: White=0.20 (precise) /Black=0.19 (very precise)} 1/2-1/2

[Event "GibChess Battle of the Sexes 2022"]
[Site "Caleta"]
[Date "2022.01.27"]
[Round "4.5"]
[White "Bellahcene, Bilel"]
[Black "Sukandar, Irine Kharisma"]
[Result "1-0"]
[WhiteElo "2512"]
[BlackElo "2407"]
[Annotator "TA"]
[PlyCount "121"]
[EventDate "2022.01.01"]
[EventType "schev"]
[EventCountry "GGB"]
[SourceTitle "playchess.com"]
[Source "ChessBase"]
[SourceQuality "1"]

{[%evp 9,121,-34,-50,-60,-25,-35,-33,-52,8,4,39,37,61,55,65,35,71,56,67,50,90,95,89,87,100,100,100,96,99,107,107,108,107,88,88,81,90,85,117,100,97,81,99,99,99,102,96,81,75,68,75,75,111,134,125,135,137,137,137,131,126,101,112,120,135,128,150,137,168,164,152,143,143,133,153,139,364,348,291,259,309,286,296,243,176,0,235,227,473,446,558,579,717,716,695,626,623,581,647,629,602,553,608,437,531,493,2469,2399,3822,11090,7879,7879,29986,1027]} 1. d4 Nf6 2. c4 e6 3. Nc3 Bb4 4. g4 d5 {[#]} 5. a3 $146 ({Predecessor:} 5. Bg2 c5 6. e3 dxc4 7. Nge2 O-O 8. O-O a6 9. a3 Bxc3 10. bxc3 Qc7 11. e4 {0-1 (43) Acosta Cruz,L (1773)-Narvaez Guerra,M (1643) Bucaramanga 2021}) 5... Bxc3+ 6. bxc3 {E20: Nimzo-Indian: 4 g3 and 4 f3.} dxc4 {[%cal Oc7c5]} 7. Qa4+ Nc6 8. Qxc4 {Black is slightly better.} Qd5 (8... Nxg4 $15 9. Nf3 O-O) 9. Qxd5 $11 exd5 10. f3 Bd7 11. Bf4 O-O-O 12. e3 h5 13. g5 Ne8 14. Bd3 Nd6 15. Bxd6 cxd6 16. Ne2 h4 17. Nf4 Ne7 18. a4 a5 19. Kd2 Bc6 20. Rhg1 g6 21. Bc2 Kc7 22. Rgc1 Rb8 23. Bd3 Kd8 24. Ra2 Re8 25. Bc2 Nc8 26. Rb1 Kc7 27. Rab2 {To avoid Nb6} Ne7 28. Ke2 Rec8 29. Rb6 Re8 30. Kf2 Nc8 {[#]} 31. R6b5 {[%mdl 512]} Bxb5 32. Nxd5+ Kd8 {Hoping for ...Bc4.} 33. Rxb5 b6 {[#]} 34. Bd3 $1 {[%mdl 1024] White has strong compensation.} Ne7 35. Nf6 (35. Nxb6 Kc7 36. Nc4 Rxb5 37. axb5 Nd5 $17) (35. Rxb6 Rxb6 36. Nxb6 Kc7 $17) 35... Rh8 36. e4 ({Don't play} 36. Bc4 Rc8 37. Be2 (37. Bxf7 Rxc3 38. Rb2 Rc1 $11) 37... Rxc3 $11) 36... Kc7 37. Bc4 Rhf8 38. Ke3 {White is much more active.} Rb7 39. Rb3 Kb8 40. Kd3 Ka7 41. f4 Rc7 42. Bb5 d5 $2 (42... Rcc8 $16 {was worth a try.} 43. Bc4 Rc6) 43. exd5 $18 (43. Nxd5 Nxd5 44. exd5 f6 $16) 43... Nf5 44. Ne4 {Strongly threatening d6.} Rd8 45. c4 Re7 46. Bc6 Rc7 {[%cal Oc7c6] [#] And now ...Rxc6! would win.} 47. Bb5 (47. Nc3 $142 $1 {[%cal Rc3b5] Threatens to win with Nb5+.} Nxd4 48. Kxd4 Rxc6 49. Ne4) 47... Re7 48. Rb1 Rc7 $2 (48... h3 49. Rb2 Kb7 50. Bc6+ Ka7) 49. Nf6 Re7 50. Ng4 {Prevents Re3+.} Kb8 51. Ne5 Kc7 52. Bc6 Rb8 53. Kc3 ({Not} 53. c5 bxc5 54. Rxb8 c4+ 55. Kxc4 (55. Nxc4 Kxb8 56. Ne5 Kc7 $11) 55... Kxb8 $16) 53... Nd6 54. Re1 {Prevents Ne4+.} Nf5 55. Re2 Kd6 56. Bb5 Rh8 57. h3 Ng3 (57... Rb8 $142 58. Bc6 Rc8) 58. c5+ bxc5 59. Nc4+ Kxd5 60. Rxe7 {[%csl Gc4,Gd4,Gf4][%cal Re7e5]} cxd4+ 61. Kd3 {Weighted Error Value: White=0.14 (very precise) /Black=0.37} (61. Kb2 $142 Kc5 62. Rxf7 Nf5 63. Ne5 Rc8 64. Rf6 Rc7 65. Rxg6 Nd6 66. Bf1) 1-0

[Event "GibChess Battle of the Sexes 2022"]
[Site "Caleta"]
[Date "2022.01.27"]
[Round "4.6"]
[White "Rosen, Eric"]
[Black "Girya, Olga"]
[Result "1/2-1/2"]
[WhiteElo "2356"]
[BlackElo "2416"]
[Annotator "TA"]
[PlyCount "68"]
[EventDate "2022.01.01"]
[EventType "schev"]
[EventCountry "GGB"]
[SourceTitle "playchess.com"]
[Source "ChessBase"]
[SourceQuality "1"]

{[%evp 17,68,11,8,0,0,7,6,0,0,14,8,0,11,6,4,0,0,0,0,0,0,0,0,0,0,0,0,-7,0,0,0,0,0,0,0,0,0,0,0,0,0,0,0,0,0,0,0,0,0,0,0,0,0]} 1. e4 e5 2. Nf3 Nc6 3. Bc4 Bc5 4. c3 Nf6 5. d4 exd4 6. e5 d5 7. Bb5 Ne4 8. cxd4 Bb6 9. Nc3 O-O {The position is equal.} 10. Be3 {C54: Giuoco Piano: 4 c3 Nf6, main lines with 5 d4 and 5 d3.} Bg4 11. h3 Bh5 12. Qc2 Nxc3 {is cutting edge theory.} 13. bxc3 f6 14. exf6 Qxf6 15. Be2 ({Much worse is} 15. Ng5 Bg6 16. Qd2 Na5 $17) 15... Na5 16. Ne5 {To avoid Nc4} Bxe2 17. Qxe2 c5 {[#]} 18. O-O $146 {[#] Black must now prevent Nd7.} ({Predecessor:} 18. Nd7 Qc6 19. dxc5 Rfe8 20. Nxb6 axb6 21. O-O bxc5 22. Qf3 Nc4 23. Rad1 Re5 24. Bf4 {½-½ (46) Duboue,P (2421)-Korneev,O (2505) Rochefort 2020}) 18... cxd4 19. cxd4 Qe6 {To avoid Nd7} 20. f4 Nc4 21. Rad1 Rac8 22. g4 {Prevents Qf5.} Nxe5 23. dxe5 Rc4 {[#] aiming for ...Re4.} 24. Bxb6 Qxb6+ 25. Kg2 Rcxf4 26. Rxf4 Rxf4 27. Rxd5 $11 {[%mdl 4096] Endgame KQR-KQR} Qc6 28. Qd3 Rf8 {And now ...Rd8 would win.} 29. Kg3 Qc1 {( -> ...Qe1+)} 30. Qd2 {To avoid Qe1+} (30. Rd8 Qg1+ 31. Kh4 Qe1+ 32. Kg5 Qxe5+ 33. Qf5 Qe7+ 34. Kf4 Qxd8 $19) 30... Qa3+ 31. Rd3 Qc5 32. Rd5 Qa3+ 33. Rd3 Qc5 34. Rd5 Qa3+ {An interesting draw.  Weighted Error Value: White=0.01 (flawless) /Black=0.00 (flawless)} 1/2-1/2

[Event "GibChess Battle of the Sexes 2022"]
[Site "Caleta"]
[Date "2022.01.27"]
[Round "4.7"]
[White "Cheng, Bobby"]
[Black "Sebag, Marie"]
[Result "1/2-1/2"]
[WhiteElo "2550"]
[BlackElo "2460"]
[Annotator "TA"]
[PlyCount "51"]
[EventDate "2022.01.01"]
[EventType "schev"]
[EventCountry "GGB"]
[SourceTitle "playchess.com"]
[Source "ChessBase"]
[SourceQuality "1"]

{[%evp 19,51,2,0,0,9,0,0,0,8,0,0,0,0,0,0,0,0,0,0,0,0,0,0,0,0,0,0,0,0,0,0,0,0,0]} 1. d4 d5 2. c4 c6 3. Nf3 Nf6 4. Nc3 e6 5. e3 Nbd7 6. Qc2 Bd6 7. b3 O-O 8. Be2 b6 9. O-O Bb7 10. Bb2 Rc8 {The position is equal.} 11. Rad1 {11.Rad1 scores better than 11.e4. D45: Semi-Slav: 5 e3.} c5 12. cxd5 cxd4 13. Rxd4 {[#] Threatens to win with dxe6.} Nxd5 $146 ({Predecessor:} 13... exd5 14. Qf5 Qe7 15. Rh4 g6 16. Qg5 Ne4 17. Qh6 f6 18. Nxe4 dxe4 19. Nd4 Ne5 {1-0 (43) Islam,K (2296)-Rahman,S (2188) Dhaka 2018}) 14. Rc4 Rxc4 15. Bxc4 Nxc3 16. Qxc3 {[%csl Gb2][%cal Rc3g7]} Nf6 17. Rc1 Qe7 18. Bd3 Bxf3 19. gxf3 Ba3 20. f4 Bxb2 21. Qxb2 Rd8 22. Be2 g6 23. Bf3 Ne8 24. Qc3 Nd6 25. Qb4 Qd7 26. Rd1 {A balanced but interesting game.  Weighted Error Value: White=0.01 (flawless) /Black=0.01 (flawless)} 1/2-1/2

[Event "GibChess Battle of the Sexes 2022"]
[Site "Caleta"]
[Date "2022.01.27"]
[Round "4.8"]
[White "Haria, Ravi"]
[Black "Mammadzada, Gunay"]
[Result "1/2-1/2"]
[WhiteElo "2490"]
[BlackElo "2470"]
[Annotator "TA"]
[PlyCount "121"]
[EventDate "2022.01.01"]
[EventType "schev"]
[EventCountry "GGB"]
[SourceTitle "playchess.com"]
[Source "ChessBase"]
[SourceQuality "1"]

{[%evp 9,121,25,27,27,43,19,33,28,21,35,34,33,75,49,70,70,95,77,89,80,95,99,99,96,77,73,171,178,160,175,165,172,271,265,261,261,333,210,246,209,256,208,216,218,225,214,201,142,198,173,187,182,209,205,178,153,136,119,118,90,93,94,84,16,17,39,37,27,14,22,73,72,74,66,66,81,122,106,123,59,71,37,52,8,8,0,0,0,0,0,0,0,0,0,0,0,0,0,0,0,0,0,0,0,0,0,0,0,0,0,0,-8,-8,-8]} 1. e4 c5 2. Nc3 a6 3. g3 d6 4. Bg2 Nf6 5. Nf3 e6 6. O-O {B23: Closed Sicilian: Lines without g3.} Be7 7. e5 dxe5 8. Nxe5 {White is slightly better.} O-O 9. a4 {[%cal Ba2a4,Ba4a5][%mdl 32]} Qc7 10. Nc4 Nc6 (10... Bd7 $14 {might be stronger.}) 11. a5 Bd7 12. d3 {[#]} Be8 $146 ({Predecessor:} 12... Rad8 13. Re1 Qb8 14. Bf4 Qa7 15. Nb6 Ne8 16. Ne4 f5 17. Ng5 Bxg5 18. Bxg5 Nc7 19. Bxd8 Rxd8 20. Qd2 Be8 21. Qc3 {1-0 (21) Shyam,S (2414)-Matta,V (2257) Bhiwani 2010}) 13. Re1 Qd8 14. Bf4 Ra7 15. Ne4 {White is much more active. Black has bad knights.} Nd5 16. Bd6 Bxd6 17. Nexd6 Bd7 (17... Nce7 $16 {was called for.}) 18. c3 Qc7 19. Ne4 Nce7 {[#]} 20. Qb3 $1 {To avoid b6} Nf5 (20... Bb5 {is a better defense.} 21. Qa3 Raa8 22. Nxc5 (22. Qxc5 Qxc5 23. Nxc5 Rac8 $18) 22... Rac8) 21. Nb6 $18 Bc6 22. Nxc5 Nf4 23. Bf1 Ng6 24. Qb4 Rd8 25. Bg2 Bxg2 26. Kxg2 Qc6+ 27. Kg1 h5 28. Nb3 h4 (28... Rxd3 $16 {was worth a try.} 29. Qc4 Qxc4 30. Nxc4 Rd5) 29. Qe4 Qb5 30. Qc4 Ne5 {[#]} 31. Qxb5 Nf3+ 32. Kh1 axb5 33. Red1 h3 34. d4 Nh6 35. Rd3 Ne5 36. Rd2 ({Better is} 36. Re3 $16 Nc4 37. Nxc4 bxc4 38. Nd2) 36... Nc4 $11 37. Nxc4 bxc4 38. Nc5 b6 39. Ne4 Rda8 (39... Rxa5 $11 {remains equal.} 40. Rxa5 bxa5) 40. Ng5 $16 ({Much worse is} 40. Nd6 $6 Rxa5 41. Rad1 b5 $11) 40... Rxa5 41. Rxa5 Rxa5 42. Nxh3 {[%mdl 4096] Endgame KRN-KRN} g5 (42... Kf8 $142) 43. Kg2 f6 44. Ng1 (44. f4 $16) 44... Nf5 45. g4 Ne7 46. Kg3 (46. Nh3 $14) 46... Nd5 $11 {The position is equal.} 47. Nh3 Ra2 $1 {[%cal Od5c3] Strongly threatening ...Nxc3!} 48. Rc2 b5 $1 49. f4 b4 $1 50. cxb4 ({But not} 50. fxg5 $2 bxc3 51. Rxc3 Nxc3 52. bxc3 Rc2 $19) 50... c3 51. Rxc3 Nxc3 52. bxc3 {KR-KN} Rc2 53. fxg5 Rxc3+ 54. Kh4 Kf7 55. Nf4 e5 56. dxe5 fxe5 57. g6+ Kg7 58. Nd5 Rd3 59. Ne7 {Threatens to win with Kg5.} Kf6 60. g7 Kxg7 61. Kg5 {Blacks defense is rewarded with a draw.  Weighted Error Value: White=0.14 (very precise) /Black=0.13 (very precise)} 1/2-1/2

[Event "GibChess Battle of the Sexes 2022"]
[Site "Caleta"]
[Date "2022.01.27"]
[Round "4.9"]
[White "Bwalya, Gillan"]
[Black "Houska, Jovanka"]
[Result "0-1"]
[WhiteElo "2404"]
[BlackElo "2365"]
[Annotator "TA"]
[PlyCount "94"]
[EventDate "2022.01.01"]
[EventType "schev"]
[EventCountry "GGB"]
[SourceTitle "playchess.com"]
[Source "ChessBase"]
[SourceQuality "1"]

{[%evp 16,94,0,-14,-27,-47,-42,-49,9,-52,31,-99,-43,-52,-52,-96,-105,-99,-98,-85,-54,-56,52,74,41,42,89,0,0,-38,-43,-93,-78,-230,-227,-488,-487,-465,-450,-461,-314,-440,-331,-320,-307,-707,-691,-1313,-935,-2164,-1718,-1983,-2369,-29989,-29989,-29992,-2429,-29981,-29981,-29991,-29979,-29983,-29984,-29984,-29985,-29992,-29969,-2182,0,-5631,-5639,-2088,-6791,-6440,-6647,-5302,-5302,-29974,-29975,-29994,-29995]} 1. e4 c6 2. d4 d5 3. e5 Bf5 4. Nc3 e6 5. g4 Bg6 6. Nge2 c5 7. h4 h5 8. Nf4 Bh7 9. Nxh5 (9. g5 $5 {[%cal Rd1h5]}) 9... Nc6 {B12: Caro-Kann: Advance Variation.} 10. Bb5 Nge7 $1 11. Bg5 (11. dxc5 $2 d4 12. Bxc6+ Nxc6 $17) 11... Qc7 ({Black should play} 11... Qb6 $15 12. dxc5 Qxc5) 12. f4 (12. dxc5 $11 Qxe5+ 13. Be2) 12... a6 (12... cxd4 $15 13. Qxd4 Bxc2) 13. Bxe7 {[#]} (13. Bxc6+ $14 Nxc6 14. dxc5) 13... Qxe7 $146 (13... axb5 $17 14. Bxc5 Bxc5 15. dxc5 Nb4) ({Predecessor:} 13... Bxe7 14. Bxc6+ Qxc6 15. Nxg7+ Kf8 16. Nh5 cxd4 17. Ne2 Bxc2 18. Qxd4 Bc5 19. Qc3 d4 20. Qxc2 Bb4+ {0-1 (20) Moewisch,D (1949)-Pubantz,J (2286) Bremen 2021}) 14. Bxc6+ $15 bxc6 15. Ne2 (15. Ng3 $15 {might be stronger.}) 15... Rb8 {[%mdl 1024] Black has strong compensation.} 16. b3 Be4 17. Rh3 Bg6 (17... Bg2 {feels hotter.} 18. Rg3 Qxh4 19. Kd2 Be4 20. Qg1 Qd8) 18. Neg3 Qa7 (18... cxd4 $15 19. Qxd4 Qa3) 19. f5 $1 $14 Bxh5 20. Nxh5 cxd4 (20... exf5 $14 21. gxf5 cxd4) 21. fxe6 (21. Qd3 $16) 21... fxe6 {White must now prevent ...Bb4+.} 22. Qd3 Bb4+ 23. Ke2 (23. Kf2 $15) 23... O-O $17 {aiming for ...Qc7. Black converts the advantage convincingly.} 24. Qg6 $2 (24. Rf1 $17 {was necessary.}) 24... Kh8 $19 {Strongly threatening ...Qc7. The board is on fire.} 25. Rd3 $2 (25. Rf3 {was called for.} Rxf3 26. Kxf3 Rf8+ 27. Nf6 gxf6 28. exf6) 25... Qc7 26. Qg5 Qf7 {Inhibits Nf4.} 27. Rh1 Be7 28. Qd2 (28. Qxg7+ $142 Qxg7 29. Nxg7 Kxg7 30. Rxd4) 28... Qg6 (28... Bb4 $2 29. Qg5 $19) 29. Rg1 Bxh4 {...Rf2+ is the strong threat.} ({Weaker is} 29... Qf7 30. Kd1 $17) ({Not} 29... Bb4 $2 30. Qg5 Qf7 31. Kd1 $19) 30. Kd1 $2 (30. Nf6 gxf6 31. Rh3) 30... Rf2 31. Qa5 Rbf8 32. Kc1 Bg5+ 33. Kb1 {[#]} Rxc2 $3 {[%mdl 512]} 34. Rh1 {[#]} (34. Qxa6 Rc4) 34... Rc1+ $1 {[%mdl 512]} 35. Rxc1 (35. Kb2 Rf2+) 35... Bxc1 (35... Qxd3+ $142 36. Ka1 Bxc1 37. Qb4 Rf2 38. Qb8+ Kh7 39. Qg8+ Kxg8 40. Nf6+ gxf6 41. a4 Qxb3 42. exf6 Qb2#) 36. Qxa6 {[#]} Ba3 $1 {[%cal Bc1a3,Ba3b4,Bb4c3][%mdl 544]} 37. b4 (37. Nf6 gxf6) 37... Bxb4 38. Kb2 Bc3+ 39. Ka3 Qf7 40. Qb6 Qe7+ 41. Kb3 Rf2 $2 ({Black should try} 41... Ra8 $19 {( -> ...Qa3+)} 42. a4 Qf8) 42. Qb8+ $2 {[%mdl 8192]} (42. Rxc3 $11 Qf8 43. Rh3 Rf3+ 44. Rxf3 Qxf3+ 45. Kb2) 42... Kh7 43. Nf6+ {[#]} gxf6 (43... Qxf6 $142 $3 {[%mdl 512]} 44. Qe8 (44. exf6 Rb2+) 44... Qh4) 44. Rh3+ {[#]} Kg6 $1 (44... Kg7 {gets mated.} 45. Qh8+ Kg6 46. Qh5+ Kg7 47. Qh7+ Kf8 48. Qh8+ Kf7 49. Rh7+ Kg6 50. Qg8+) 45. Qg8+ Qg7 46. Qe8+ Kg5 47. Rh5+ Kf4 {Weighted Error Value: White=1.08/Black=0.44} 0-1

[Event "GibChess Battle of the Sexes 2022"]
[Site "Caleta"]
[Date "2022.01.27"]
[Round "4.10"]
[White "Aziz, Husain"]
[Black "Efroimski, Marsel"]
[Result "1/2-1/2"]
[WhiteElo "2357"]
[BlackElo "2429"]
[Annotator "TA"]
[PlyCount "71"]
[EventDate "2022.01.01"]
[EventType "schev"]
[EventCountry "GGB"]
[SourceTitle "playchess.com"]
[Source "ChessBase"]
[SourceQuality "1"]

{[%evp 26,71,4,0,11,6,0,4,12,12,7,0,0,0,0,0,0,0,0,-2,0,0,0,0,0,-12,-19,-32,0,0,0,0,0,0,0,0,0,0,0,0,0,0,0,0,0,0,0,-7]} 1. d4 d5 2. c4 e6 3. Nf3 Nf6 4. Nc3 c5 5. cxd5 Nxd5 6. e4 Nxc3 7. bxc3 cxd4 8. cxd4 Bb4+ 9. Bd2 Bxd2+ 10. Qxd2 O-O 11. Bc4 Nd7 12. O-O b6 13. Rad1 Bb7 14. Rfe1 Rc8 {D41: Queen's Gambit Declined: Semi-Tarrasch with 5 cxd5.} 15. Bb3 Re8 16. h3 Nf6 17. Qf4 {[%cal Od4d5]} Qc7 18. Qh4 h6 19. Re3 {[#]} a5 $146 ({Predecessor:} 19... Qe7 20. Qf4 b5 21. g4 a5 22. a4 bxa4 23. Bxa4 Red8 24. Bb5 Qc7 25. Qxc7 Rxc7 {0-1 (48) Risting,E (2300)-Arvola,B (2476) Oslo 2020}) 20. a4 Qe7 21. d5 exd5 $1 22. exd5 Qa3 {[#] Strongly threatening ...Rxe3.} 23. Qd4 Rxe3 24. Qxe3 Qc5 25. Qxc5 Rxc5 26. d6 {[#] d7 is the strong threat.} Bxf3 27. gxf3 $15 {[%mdl 4096] Endgame aiming for d7. KRB-KRN. The position is equal.} Rc8 28. Rd4 (28. d7 Rd8 $15) 28... Kf8 29. Bc4 ({Reject} 29. d7 Rd8 30. Rd6 Nxd7 $17) 29... Ke8 30. f4 Rc5 31. Kg2 Kd7 32. Bb5+ Kd8 33. Bc4 {Inhibits Rd5.} Rc6 34. Bb5 Rc5 35. Bc4 {Prevents Rd5.} Rc6 36. Bb5 {A balanced but interesting game.  Weighted Error Value: White=0.01 (flawless) /Black=0.02 (flawless)} 1/2-1/2